Primordial helium (Record no. 8010)
[ view plain ]
| 000 -LEADER | |
|---|---|
| fixed length control field | 00936nam a2200241Ia 4500 |
| 003 - CONTROL NUMBER IDENTIFIER | |
| control field | IN-BaIIA |
| 008 - FIXED-LENGTH DATA ELEMENTS--GENERAL INFORMATION | |
| fixed length control field | 211028s9999 xx 000 0 eng d |
| 020 ## - INTERNATIONAL STANDARD BOOK NUMBER | |
| International Standard Book Number | 3-923524-16-1 |
| 040 ## - CATALOGING SOURCE | |
| Transcribing agency | IIA Library |
| 080 ## - UNIVERSAL DECIMAL CLASSIFICATION NUMBER | |
| Universal Decimal Classification number | 524.522(082.2) |
| Item number | ESO |
| 111 ## - MAIN ENTRY--MEETING NAME | |
| Meeting name or jurisdiction name as entry element | European Southern Observatory Workshop on Primordial Helium |
| Location of meeting | Germany |
| Date of meeting or treaty signing | 1983 Feb. 2-3 |
| 9 (RLIN) | 13511 |
| 245 #0 - TITLE STATEMENT | |
| Title | Primordial helium |
| Remainder of title | proceedings of the ESO workshop held in Garching, Germany, 2-3 Feb 1983 |
| Statement of responsibility, etc. | edited by P. A. Shaver, D. Kunth and K. Kjar |
| 260 ## - PUBLICATION, DISTRIBUTION, ETC. | |
| Place of publication, distribution, etc. | Germany |
| Name of publisher, distributor, etc. | European Southern Observatory |
| Date of publication, distribution, etc. | 1983 |
| 300 ## - PHYSICAL DESCRIPTION | |
| Extent | vii, 422p. |
| 650 ## - SUBJECT ADDED ENTRY--TOPICAL TERM | |
| Topical term or geographic name entry element | Astronomy and astrophysics thesaurus |
| 650 ## - SUBJECT ADDED ENTRY--TOPICAL TERM | |
| Topical term or geographic name entry element | Nucleosynthesis |
| 650 ## - SUBJECT ADDED ENTRY--TOPICAL TERM | |
| Topical term or geographic name entry element | Primordial fireball |
| 9 (RLIN) | 13512 |
| 700 ## - ADDED ENTRY--PERSONAL NAME | |
| Personal name | Kjar, K., ed. |
| 9 (RLIN) | 11437 |
| 700 ## - ADDED ENTRY--PERSONAL NAME | |
| Personal name | Kunth, D., ed. |
| 9 (RLIN) | 13513 |
| 700 ## - ADDED ENTRY--PERSONAL NAME | |
| Personal name | Shaver, P. A., ed. |
| 9 (RLIN) | 11147 |
| 710 ## - ADDED ENTRY--CORPORATE NAME | |
| Corporate name or jurisdiction name as entry element | European Southern Observatory |
| 9 (RLIN) | 10914 |
| 942 ## - ADDED ENTRY ELEMENTS (KOHA) | |
| Koha item type | Books |
| Withdrawn status | Lost status | Damaged status | Not for loan | Home library | Current library | Shelving location | Date acquired | Total Checkouts | Full call number | Barcode | Date last seen | Price effective from | Koha item type |
|---|---|---|---|---|---|---|---|---|---|---|---|---|---|
| IIA Library-Bangalore | IIA Library-Bangalore | General Stacks | 04/12/1984 | 524.522(082.2)/ ESO | 8835 | 05/11/2021 | 04/12/1984 | Books |